[Event "10. HIT Open 2005 - B"]
[Site "Nova Gorica SLO"]
[Date "2005.01.31"]
[Round "6.2"]
[White "Picco, Ruggero"]
[Black "Laco, Giuseppe"]
[Result "1-0"]
[WhiteElo "2022"]
[BlackElo "2104"]
[PlyCount "47"]
[EventDate "2005.01.28"]
[EventType "swiss"]
[EventRounds "9"]
[EventCountry "SLO"]
[Source "lmi"]
[SourceDate "2005.02.03"]

1. e4 c5 2. g3 d5 3. exd5 Qxd5 4. Nf3 Bg4 5. Bg2 Qe6+ 6. Kf1 Bh3 7. d4 cxd4 8.
Qxd4 Nc6 9. Qa4 Qd5 10. Bxh3 Qxf3 11. Rg1 Rd8 12. Nc3 Qh5 13. Bg4 Qg6 14. Be3
e6 15. Bf3 Nge7 16. Kg2 f5 17. Rad1 Rxd1 18. Rxd1 a6 19. Qb3 e5 20. Qxb7 e4 21.
Be2 Qe6 22. Qxa6 f4 23. Bxf4 Nf5 24. Bc4 1-0

[Event "10. HIT Open 2005 - B"]
[Site "Nova Gorica SLO"]
[Date "2005.01.31"]
[Round "6.3"]
[White "Budihna, Kristijan"]
[Black "Ursic, Mateja"]
[Result "1-0"]
[WhiteElo "2023"]
[BlackElo "2048"]
[PlyCount "114"]
[EventDate "2005.01.28"]
[EventType "swiss"]
[EventRounds "9"]
[EventCountry "SLO"]
[Source "lmi"]
[SourceDate "2005.02.03"]

1. e4 e5 2. Nf3 Nc6 3. Nc3 Nf6 4. d4 exd4 5. Nxd4 Bb4 6. Nxc6 bxc6 7. Bd3 d5 8.
exd5 cxd5 9. O-O O-O 10. Bg5 c6 11. Qf3 Be7 12. Rae1 Be6 13. Nd1 Rb8 14. h3 h6
15. Bh4 c5 16. Bf5 Rb6 17. b3 Qd7 18. Bxe6 fxe6 19. Qd3 Bd6 20. Nc3 Nh5 21. Qd1
Nf6 22. Qd3 Rb4 23. Bxf6 Rxf6 24. Ne2 Qf7 25. Rd1 Rh4 26. Ng3 Rd4 27. Qe3 Bxg3
28. Qxg3 Rdf4 29. Qe3 d4 30. Qe2 Qg6 31. Rde1 Qf5 32. Rd1 Kh8 33. f3 Rg6 34.
Kh2 Qg5 35. Qf2 Rf7 36. Rde1 Qf5 37. Re4 Qd5 38. Rfe1 Rf5 39. R1e2 Rgf6 40. Qe1
Qd6+ 41. Kh1 d3 42. cxd3 Qxd3 43. R2e3 Qc2 44. Re2 Qd3 45. R4e3 Qd4 46. Rxe6
Rxe6 47. Rxe6 Rf8 48. Re7 a5 49. Qe5 Qxe5 50. Rxe5 Rc8 51. Re4 Kg8 52. Kh2 Kf7
53. Kg3 Rd8 54. Ra4 Ra8 55. Re4 Kf6 56. f4 Rd8 57. Ra4 Ra8 1-0

[Event "10. HIT Open 2005 - B"]
[Site "Nova Gorica SLO"]
[Date "2005.01.31"]
[Round "6.4"]
[White "Zorat, Paolo"]
[Black "Petrovic, Marko"]
[Result "1-0"]
[WhiteElo "1900"]
[BlackElo "1927"]
[PlyCount "91"]
[EventDate "2005.01.28"]
[EventType "swiss"]
[EventRounds "9"]
[EventCountry "SLO"]
[Source "lmi"]
[SourceDate "2005.02.03"]

1. d4 Nf6 2. c4 g6 3. Nc3 Bg7 4. e4 d6 5. Be2 O-O 6. Bg5 Nbd7 7. Qd2 Re8 8. f3
c6 9. Nh3 Qb6 10. Be3 Qc7 11. g4 e5 12. d5 Nf8 13. Nf2 Qe7 14. Bg5 Qc7 15. h4
N6d7 16. Bh6 Bh8 17. h5 a5 18. Rh2 Nc5 19. O-O-O b5 20. Rdh1 b4 21. Ncd1 cxd5
22. Bxf8 Rxf8 23. hxg6 fxg6 24. Rxh7 Qxh7 25. Rxh7 Kxh7 26. cxd5 Bg7 27. Kb1
Bh6 28. g5 Bg7 29. Ne3 Ba6 30. Nfg4 Bxe2 31. Qxe2 Kg8 32. Nc4 Ra6 33. Kc2 Kf7
34. Qh2 Rh8 35. Nh6+ Ke7 36. Qh3 Ra7 37. Kd2 Ra6 38. Ke3 Ra7 39. Kd2 a4 40. Nb6
Rc7 41. Nxa4 Bxh6 42. gxh6 Nxa4 43. Qe6+ Kf8 44. Qxd6+ Re7 45. Qf6+ Rf7 46.
Qd8# 1-0

[Event "10. HIT Open 2005 - B"]
[Site "Nova Gorica SLO"]
[Date "2005.01.31"]
[Round "6.5"]
[White "Fantini, Marco"]
[Black "Diotallevi, Maurizio"]
[Result "0-1"]
[WhiteElo "1850"]
[BlackElo "2083"]
[PlyCount "94"]
[EventDate "2005.01.28"]
[EventType "swiss"]
[EventRounds "9"]
[EventCountry "SLO"]
[Source "lmi"]
[SourceDate "2005.02.03"]

1. d4 d5 2. Nc3 e6 3. f3 Bb4 4. Nh3 Nc6 5. Nf2 Qf6 6. e3 Nge7 7. Bd3 e5 8. dxe5
Qxe5 9. O-O Bxc3 10. bxc3 Qxc3 11. Bd2 Qf6 12. e4 O-O 13. Rb1 Ne5 14. Bc3 d4
15. Ng4 Nxg4 16. fxg4 Qe5 17. Bd2 Ng6 18. Qf3 b6 19. Qh3 Be6 20. Rf5 Bxf5 21.
exf5 Nf4 22. Bxf4 Qxf4 23. Qh4 f6 24. Rf1 Qg5 25. g3 Qxh4 26. gxh4 h6 27. Bc4+
Kh8 28. g5 fxg5 29. hxg5 hxg5 30. Kg2 Rf6 31. Rf3 g4 32. Rf4 g5 33. Rf2 Re8 34.
Kg3 Kg7 35. Bd3 Rh6 36. Kxg4 Kf6 37. Kg3 Re3+ 38. Kg2 c6 39. Ba6 b5 40. Bc8 c5
41. Ba6 b4 42. Bd3 a5 43. Rf1 Ke5 44. Rf2 Rf6 45. Rf1 Kd5 46. Bb5 c4 47. Rf2
Ra3 0-1

[Event "10. HIT Open 2005 - B"]
[Site "Nova Gorica SLO"]
[Date "2005.01.31"]
[Round "6.6"]
[White "Pagnutti, Lorenzo"]
[Black "Ursic, Aleksander"]
[Result "1-0"]
[WhiteElo "2060"]
[BlackElo "1948"]
[PlyCount "107"]
[EventDate "2005.01.28"]
[EventType "swiss"]
[EventRounds "9"]
[EventCountry "SLO"]
[Source "lmi"]
[SourceDate "2005.02.03"]

1. e4 c5 2. c3 d5 3. exd5 Qxd5 4. d4 Nf6 5. Nf3 Bg4 6. Be2 e6 7. Na3 cxd4 8.
Nb5 Bd6 9. Qxd4 Qxd4 10. Nfxd4 Be5 11. Bxg4 Bxd4 12. cxd4 Nxg4 13. Nc7+ Kd7 14.
Nxa8 Nc6 15. Nb6+ axb6 16. Be3 Nb4 17. Ke2 Rc8 18. Rhd1 Nf6 19. a3 Nc6 20. d5
Nxd5 21. Bxb6 Ne5 22. Bd4 Rc2+ 23. Kf1 Kd6 24. Rac1 Rxc1 25. Rxc1 g6 26. Bxe5+
Kxe5 27. b4 h5 28. a4 Kd6 29. b5 b6 30. h4 Kd7 31. g3 Ne7 32. Ke2 Nd5 33. Kd3
Kd6 34. Rc4 Kd7 35. Kd4 Kd6 36. Rc6+ Kd7 37. Rc1 Kd6 38. Kc4 Kc7 39. Ra1 Nf6
40. a5 bxa5 41. Rxa5 Kb7 42. Ra2 Kb6 43. Ra6+ Kb7 44. f3 Nd7 45. Ra3 Kb6 46.
Kb4 Ne5 47. Re3 Nd7 48. Rc3 Nf6 49. Rc6+ Kb7 50. Ka5 Nd5 51. Rc1 Nb6 52. Rd1
Nd5 53. Rd4 Nf6 54. Rd2 1-0

[Event "10. HIT Open 2005 - B"]
[Site "Nova Gorica SLO"]
[Date "2005.01.31"]
[Round "6.7"]
[White "Belardinelli, Franco"]
[Black "Di-Donato, Giovanni"]
[Result "1-0"]
[WhiteElo "2000"]
[BlackElo "2125"]
[PlyCount "94"]
[EventDate "2005.01.28"]
[EventType "swiss"]
[EventRounds "9"]
[EventCountry "SLO"]
[Source "lmi"]
[SourceDate "2005.02.03"]

1. e4 e5 2. Nf3 f5 3. Nc3 Nf6 4. Bc4 fxe4 5. Nxe5 d5 6. Nxd5 Nxd5 7. Qh5+ g6 8.
Nxg6 Nf6 9. Qe5+ Be7 10. Nxh8 Nc6 11. Qg3 Nd4 12. Nf7 Qd7 13. Ne5 Qf5 14. O-O
Be6 15. Kh1 Bd6 16. Bxe6 Qxe6 17. c3 Bxe5 18. Qh4 Nf5 19. Qh3 O-O-O 20. d4 exd3
21. Bg5 h5 22. Rad1 d2 23. f4 Bd6 24. Rxd2 Rf8 25. Bxf6 Rxf6 26. Qxh5 Rh6 27.
Qf3 Rh4 28. Rfd1 Qh6 29. g3 Rh3 30. Kg1 Kb8 31. Rd5 Ne7 32. R5d2 a6 33. b4 Nf5
34. Re1 Qg6 35. Qe4 Qf6 36. Rd3 Nh6 37. Qe6 Qf5 38. Rxd6 cxd6 39. Qxd6+ Ka7 40.
Qd4+ Kb8 41. Re8+ Kc7 42. Qc4+ Kb6 43. Re6+ Ka7 44. Qd4+ Kb8 45. Qd8+ Ka7 46.
Qb6+ Kb8 47. Re8+ Qc8 1-0

[Event "10. HIT Open 2005 - B"]
[Site "Nova Gorica SLO"]
[Date "2005.01.31"]
[Round "6.8"]
[White "Padjen, Zdenko"]
[Black "Valic, Jakob"]
[Result "1/2-1/2"]
[WhiteElo "2069"]
[BlackElo "1507"]
[PlyCount "48"]
[EventDate "2005.01.28"]
[EventType "swiss"]
[EventRounds "9"]
[EventCountry "SLO"]
[Source "lmi"]
[SourceDate "2005.02.03"]

1. e4 e5 2. Nf3 Nc6 3. Bb5 a6 4. Ba4 Nf6 5. O-O Be7 6. Bxc6 dxc6 7. d3 Bg4 8.
Nbd2 O-O 9. h3 Bxf3 10. Nxf3 Nd7 11. Bd2 c5 12. Qe2 Bd6 13. a4 b6 14. g3 f6 15.
Nh4 Kh8 16. Qg4 Qe8 17. f4 Qf7 18. b3 g6 19. Kg2 Rg8 20. fxe5 Bxe5 21. Rad1 b5
22. a5 c4 23. dxc4 bxc4 24. bxc4 Qxc4 1/2-1/2

[Event "10. HIT Open 2005 - B"]
[Site "Nova Gorica SLO"]
[Date "2005.01.31"]
[Round "6.9"]
[White "Bucer, Savin"]
[Black "Ursic, Jakob"]
[Result "1-0"]
[WhiteElo "1500"]
[BlackElo "1943"]
[PlyCount "59"]
[EventDate "2005.01.28"]
[EventType "swiss"]
[EventRounds "9"]
[EventCountry "SLO"]
[Source "lmi"]
[SourceDate "2005.02.03"]

1. e4 e5 2. Nf3 Nc6 3. Bb5 Bc5 4. c3 Nge7 5. O-O Bb6 6. d4 exd4 7. cxd4 d5 8.
Nc3 O-O 9. e5 Bg4 10. h3 Bh5 11. Be3 Bxf3 12. Qxf3 Nxd4 13. Qg4 Nxb5 14. Nxb5
Ng6 15. Bg5 Qe8 16. Nc3 Qxe5 17. Rae1 Qd6 18. h4 c6 19. h5 h6 20. Bd2 Ne5 21.
Qg3 Nc4 22. Bf4 Qf6 23. b3 Na3 24. Bd6 Nc2 25. Be7 Qf5 26. Re5 Qd7 27. Bf6 g6
28. hxg6 Qe6 29. gxf7+ Kxf7 30. Qg7+ 1-0

[Event "10. HIT Open 2005 - B"]
[Site "Nova Gorica SLO"]
[Date "2005.01.31"]
[Round "6.10"]
[White "Visintin, Roberto"]
[Black "Antoniacci, Riccardo"]
[Result "1-0"]
[WhiteElo "1940"]
[BlackElo "2000"]
[PlyCount "93"]
[EventDate "2005.01.28"]
[EventType "swiss"]
[EventRounds "9"]
[EventCountry "SLO"]
[Source "lmi"]
[SourceDate "2005.02.03"]

1. d4 Nf6 2. Nf3 e6 3. Bf4 c5 4. c3 d5 5. e3 Nc6 6. Bd3 Bd6 7. Bg3 Qe7 8. Ne5
Bxe5 9. dxe5 Nd7 10. f4 f6 11. exf6 Nxf6 12. O-O O-O 13. Nd2 e5 14. Qc2 Bg4 15.
Rae1 e4 16. Be2 c4 17. Bh4 Bxe2 18. Rxe2 b5 19. Rd1 Qc5 20. b4 Qb6 21. Nf1 Ne7
22. a4 a5 23. bxa5 Rxa5 24. Rb1 Rfa8 25. axb5 Rxb5 26. Ree1 Rb8 27. Bxf6 Qxf6
28. Rxb5 Rxb5 29. Qd2 Rb3 30. Rc1 Qb6 31. Rc2 Rb1 32. Kf2 Kf7 33. g3 Ke6 34. g4
Nc6 35. Ng3 g6 36. Kg2 Qb8 37. f5+ Kd6 38. Nxe4+ Ke5 39. Ng3 gxf5 40. gxf5 Qg8
41. Ra2 Rb6 42. Qf2 Qg5 43. e4 d4 44. cxd4+ Kd6 45. d5 Rb3 46. Ra6 Rd3 47.
Rxc6+ 1-0

[Event "10. HIT Open 2005 - B"]
[Site "Nova Gorica SLO"]
[Date "2005.01.31"]
[Round "6.11"]
[White "Punteri, Marco"]
[Black "Furlan, Albin"]
[Result "1/2-1/2"]
[WhiteElo "2051"]
[BlackElo "2083"]
[PlyCount "68"]
[EventDate "2005.01.28"]
[EventType "swiss"]
[EventRounds "9"]
[EventCountry "SLO"]
[Source "lmi"]
[SourceDate "2005.02.03"]

1. d4 d5 2. Nf3 Nf6 3. c4 e6 4. Nc3 Be7 5. cxd5 exd5 6. Qc2 c6 7. Bg5 Nbd7 8.
e3 O-O 9. Bd3 Re8 10. O-O h6 11. Bh4 Ne4 12. Bxe7 Qxe7 13. Rab1 a6 14. b4 a5
15. b5 Nxc3 16. Qxc3 c5 17. Rbc1 b6 18. Bb1 g6 19. Qc2 c4 20. h3 Kg7 21. Rfe1
Nf6 22. Qe2 Qb4 23. Ne5 Qxb5 24. Qf3 Re7 25. Qg3 Qe8 26. f4 Raa7 27. f5 Nh5 28.
Qh4 Rxe5 29. dxe5 Qxe5 30. fxg6 fxg6 31. Rcd1 Be6 32. Rd2 Rf7 33. Rf2 Rxf2 34.
Qxf2 b5 1/2-1/2

[Event "10. HIT Open 2005 - B"]
[Site "Nova Gorica SLO"]
[Date "2005.01.31"]
[Round "6.12"]
[White "Nardin, Flavij"]
[Black "Kogoj, Boris"]
[Result "1/2-1/2"]
[WhiteElo "2062"]
[BlackElo "1849"]
[PlyCount "59"]
[EventDate "2005.01.28"]
[EventType "swiss"]
[EventRounds "9"]
[EventCountry "SLO"]
[Source "lmi"]
[SourceDate "2005.02.03"]

1. d4 d5 2. c4 e6 3. Nf3 Nf6 4. Bg5 Be7 5. e3 O-O 6. Nc3 b6 7. Rc1 Bb7 8. cxd5
Nxd5 9. Bxe7 Qxe7 10. Be2 Re8 11. O-O Nd7 12. e4 Nxc3 13. bxc3 Bxe4 14. Re1 Bg6
15. Ba6 Red8 16. Bc4 c6 17. h3 a5 18. a4 Rab8 19. Qb3 h6 20. Rcd1 Kh8 21. Rd2
Bf5 22. g4 Bh7 23. Kg2 Nf6 24. Ne5 Rd6 25. f3 Bg8 26. h4 Nd5 27. Bxd5 cxd5 28.
Kg3 Bh7 29. Qa3 Qc7 30. Qxd6 1/2-1/2

[Event "10. HIT Open 2005 - B"]
[Site "Nova Gorica SLO"]
[Date "2005.01.31"]
[Round "6.13"]
[White "Plaskan, Jure"]
[Black "Stolfa, Rodolfo"]
[Result "1-0"]
[WhiteElo "2031"]
[BlackElo "1700"]
[PlyCount "102"]
[EventDate "2005.01.28"]
[EventType "swiss"]
[EventRounds "9"]
[EventCountry "SLO"]
[Source "lmi"]
[SourceDate "2005.02.03"]

1. e4 e5 2. Nf3 Nc6 3. Bb5 Nf6 4. O-O Be7 5. Re1 d6 6. d4 O-O 7. Bxc6 bxc6 8.
dxe5 dxe5 9. Qxd8 Rxd8 10. Nxe5 Bb7 11. Nc3 Bb4 12. Bg5 Rd6 13. Nd3 Rd4 14.
Bxf6 gxf6 15. Re3 Re8 16. Nxb4 Rxb4 17. b3 Rd4 18. Rae1 Ba6 19. Na4 Red8 20.
Nc5 Bc8 21. Rd3 f5 22. f3 Be6 23. Red1 Rxd3 24. Rxd3 Rxd3 25. cxd3 Bc8 26. Kf2
Kf8 27. Ke3 Ke7 28. Kd4 f6 29. e5 h6 30. f4 Kf7 31. b4 a6 32. g3 Ke7 33. a4 Kf7
34. Kc4 Ke7 35. d4 fxe5 36. fxe5 f4 37. gxf4 Bg4 38. Ne4 Ke6 39. Ng3 h5 40. h4
Bh3 41. Kc5 Bg2 42. f5+ Kd7 43. Nxh5 Ke7 44. Nf4 Be4 45. f6+ Kf7 46. d5 cxd5
47. Nxd5 c6 48. Ne7 Bc2 49. a5 Ba4 50. Nxc6 Bb5 51. Kd6 Bc4 1-0

[Event "10. HIT Open 2005 - B"]
[Site "Nova Gorica SLO"]
[Date "2005.01.31"]
[Round "6.14"]
[White "Bacic, Domagoj"]
[Black "Milinkovic, Zdravko"]
[Result "0-1"]
[WhiteElo "1534"]
[BlackElo "2016"]
[PlyCount "86"]
[EventDate "2005.01.28"]
[EventType "swiss"]
[EventRounds "9"]
[EventCountry "SLO"]
[Source "lmi"]
[SourceDate "2005.02.03"]

1. e4 c5 2. Nf3 Nc6 3. d4 cxd4 4. Nxd4 e5 5. Nb5 d6 6. N1c3 a6 7. Na3 Nf6 8.
Bg5 Be7 9. Bxf6 Bxf6 10. Nd5 O-O 11. c3 Bg5 12. Nc2 b5 13. a4 Rb8 14. axb5 axb5
15. Bd3 Na5 16. Qe2 Bd7 17. g3 Nb3 18. Ra3 Nc5 19. O-O f5 20. Ncb4 f4 21. f3 h5
22. Kh1 Nxd3 23. Nxd3 fxg3 24. hxg3 Qe8 25. Kg2 Rb7 26. Ra6 Be7 27. Rh1 g6 28.
Rha1 Qf7 29. Rh1 Kg7 30. Rf1 Qe6 31. Rh1 Qf7 32. Rf1 Qe8 33. Rfa1 Be6 34. N3b4
Qd7 35. Rh1 Bg5 36. Rf1 Bh3+ 37. Kh2 Bxf1 38. Qxf1 h4 39. g4 Qxg4 40. fxg4 Rxf1
41. Kg2 Rbf7 42. Nd3 Rd1 43. N5b4 Rd2+ 0-1

[Event "10. HIT Open 2005 - B"]
[Site "Nova Gorica SLO"]
[Date "2005.01.31"]
[Round "6.15"]
[White "Di Lazzaro, Gabriele"]
[Black "Mircoli, Filippo"]
[Result "1-0"]
[WhiteElo "2012"]
[BlackElo "1928"]
[PlyCount "81"]
[EventDate "2005.01.28"]
[EventType "swiss"]
[EventRounds "9"]
[EventCountry "SLO"]
[Source "lmi"]
[SourceDate "2005.02.03"]

1. e4 e5 2. d4 exd4 3. Qxd4 d6 4. Nc3 Nf6 5. Bg5 Be7 6. f4 O-O 7. Nf3 h6 8. Bh4
Nc6 9. Qd2 a6 10. Bf2 b5 11. Bd3 Nb4 12. Be2 Nc6 13. a3 Bb7 14. O-O Re8 15. Bd3
Nb8 16. h3 c5 17. e5 dxe5 18. fxe5 Nh7 19. Qe3 c4 20. Be4 Bxe4 21. Qxe4 Nd7 22.
e6 Ndf6 23. exf7+ Kxf7 24. Qf5 Bd6 25. Nh4 Kg8 26. Rad1 Qc7 27. Nd5 Qc6 28.
Nxf6+ Nxf6 29. Qg6 Bc5 30. Nf5 Ra7 31. Nxh6+ Kf8 32. Ng4 Rf7 33. Kh1 Bxf2 34.
Rxf2 Qe6 35. Rdf1 Ree7 36. Nxf6 gxf6 37. Rxf6 Qd5 38. Rxf7+ Rxf7 39. Qxf7+ Qxf7
40. Rxf7+ Kxf7 41. c3 1-0

[Event "10. HIT Open 2005 - B"]
[Site "Nova Gorica SLO"]
[Date "2005.01.31"]
[Round "6.16"]
[White "Jug, Tina"]
[Black "Lapornik, Robert"]
[Result "0-1"]
[WhiteElo "1507"]
[BlackElo "2000"]
[PlyCount "106"]
[EventDate "2005.01.28"]
[EventType "swiss"]
[EventRounds "9"]
[EventCountry "SLO"]
[Source "lmi"]
[SourceDate "2005.02.03"]

1. e4 Nf6 2. Nc3 e6 3. d4 b6 4. Bg5 Be7 5. Nf3 Bb7 6. Bxf6 Bxf6 7. Be2 a6 8.
O-O d6 9. Re1 Nd7 10. h3 Be7 11. Qd2 h6 12. Qf4 g5 13. Qe3 h5 14. Nh2 Nf8 15.
f4 gxf4 16. Qxf4 Bg5 17. Qf3 Qe7 18. Qd3 Ng6 19. Bf3 Nh4 20. d5 e5 21. Qc4 b5
22. Qb3 Rb8 23. a4 Bd2 24. Red1 Bxc3 25. Qxc3 Qd7 26. axb5 axb5 27. Qb3 Rg8 28.
Kh1 Bc8 29. Rg1 Rg5 30. Ra7 f6 31. Qe3 Bb7 32. Qb3 Ng6 33. Be2 Bc8 34. Ra5 Ke7
35. Rxb5 Ra8 36. Rb8 Rxb8 37. Qxb8 Nf4 38. Bf3 Nxh3 39. gxh3 Rxg1+ 40. Kxg1
Qxh3 41. Qxc7+ Bd7 42. Bg2 Qe3+ 43. Kh1 Qe1+ 44. Nf1 Qh4+ 45. Nh2 Qg3 46. c3 h4
47. b4 h3 48. Bf1 Qe1 49. b5 Qxe4+ 50. Kg1 Qe3+ 51. Kh1 Ke8 52. Qxd6 Bf5 53.
Qc6+ Kf7 0-1

[Event "10. HIT Open 2005 - B"]
[Site "Nova Gorica SLO"]
[Date "2005.01.31"]
[Round "6.17"]
[White "Vetrih, Joze"]
[Black "Grosar, Gari"]
[Result "0-1"]
[WhiteElo "1805"]
[BlackElo "1500"]
[PlyCount "80"]
[EventDate "2005.01.28"]
[EventType "swiss"]
[EventRounds "9"]
[EventCountry "SLO"]
[Source "lmi"]
[SourceDate "2005.02.03"]

1. e4 e5 2. Nf3 Nc6 3. Bb5 Nf6 4. Bxc6 dxc6 5. d3 Bg4 6. Bg5 h6 7. Bh4 Be7 8.
Bg3 Bd6 9. Nbd2 O-O 10. h3 Bh5 11. Bh2 Qe7 12. g4 Bg6 13. Nh4 Bh7 14. Rf1 Nxe4
15. Nf5 Bxf5 16. Nxe4 Bg6 17. Qe2 f5 18. gxf5 Bxf5 19. Qe3 Rf7 20. Rg1 Kh8 21.
O-O-O Raf8 22. Qg3 Bxe4 23. dxe4 Rxf2 24. Rg2 R2f3 25. Qg4 R8f7 26. Bg1 b6 27.
c3 R3f4 28. Qe2 Qe6 29. Rg4 Qxa2 30. Rxf4 Rxf4 31. Re1 b5 32. Qe3 c5 33. Bh2
Rf7 34. Bg3 b4 35. Qd3 b3 36. Qb1 Qa5 37. Kd2 Rf3 38. Rg1 c4 39. Kc1 Qc5 40.
Be1 Qxg1 0-1

[Event "10. HIT Open 2005 - B"]
[Site "Nova Gorica SLO"]
[Date "2005.01.31"]
[Round "6.18"]
[White "Bonoli, Luciano"]
[Black "Peranovic, Zdravko"]
[Result "1-0"]
[WhiteElo "1725"]
[BlackElo "1500"]
[PlyCount "110"]
[EventDate "2005.01.28"]
[EventType "swiss"]
[EventRounds "9"]
[EventCountry "SLO"]
[Source "lmi"]
[SourceDate "2005.02.03"]

1. c4 d5 2. cxd5 Qxd5 3. Nc3 Qd8 4. g3 e6 5. Bg2 c6 6. Nf3 Nf6 7. d3 Bb4 8. O-O
O-O 9. Bg5 Be7 10. Rc1 Nbd7 11. a3 h6 12. Bf4 Nb6 13. b4 Nbd5 14. Bd2 a5 15.
Rb1 axb4 16. Nxd5 Nxd5 17. axb4 b6 18. Qc1 Bb7 19. Ne5 Qd6 20. Nc4 Qc7 21. e4
Nf6 22. Bf4 Qd8 23. e5 Nd5 24. Nd6 Bxd6 25. exd6 Qd7 26. Bxd5 exd5 27. Re1 Rfe8
28. Qc3 Rxe1+ 29. Rxe1 Re8 30. Rxe8+ Qxe8 31. Be3 b5 32. Qd4 Bc8 33. Qh4 f6 34.
Qd4 Bh3 35. Qh4 Qe6 36. Qh5 d4 37. Bd2 Bg4 38. Qh4 Kh7 39. h3 Bxh3 40. Qe4+ g6
41. Qxd4 g5 42. Qa7+ Kg6 43. Qd4 Qd7 44. Bc3 Qf5 45. Qe4 Qxe4 46. dxe4 h5 47.
f3 Kf7 48. Bd4 Bd7 49. Kf2 Ke6 50. Bc5 Ke5 51. Ke3 h4 52. f4+ gxf4+ 53. gxf4+
Ke6 54. Kf3 f5 55. exf5+ Kxf5 1-0

[Event "10. HIT Open 2005 - B"]
[Site "Nova Gorica SLO"]
[Date "2005.01.31"]
[Round "6.19"]
[White "Skrinjar, Matic"]
[Black "Samuelli, Daniele"]
[Result "0-1"]
[WhiteElo "1527"]
[BlackElo "1700"]
[PlyCount "55"]
[EventDate "2005.01.28"]
[EventType "swiss"]
[EventRounds "9"]
[EventCountry "SLO"]
[Source "lmi"]
[SourceDate "2005.02.03"]

1. e4 c5 2. Nf3 Nc6 3. d4 cxd4 4. Nxd4 Nf6 5. Nc3 e6 6. a3 d6 7. Bb5 Bd7 8.
Bxc6 bxc6 9. O-O Be7 10. Re1 O-O 11. Qf3 Qb6 12. Nb3 e5 13. Be3 Qc7 14. Rad1
Bg4 15. Qg3 Bxd1 16. Rxd1 Qd7 17. h3 Qe6 18. Rd3 Rfd8 19. Nd2 d5 20. Bg5 Nh5
21. Qh4 Bxg5 22. Qxg5 g6 23. Rf3 Nf4 24. h4 Kg7 25. h5 h6 26. Qh4 g5 27. Qg3 d4
28. Na4 0-1

[Event "10. HIT Open 2005 - B"]
[Site "Nova Gorica SLO"]
[Date "2005.01.31"]
[Round "6.21"]
[White "Leban, Matej"]
[Black "Winkler, Silvo"]
[Result "1-0"]
[WhiteElo "1603"]
[BlackElo "1783"]
[PlyCount "101"]
[EventDate "2005.01.28"]
[EventType "swiss"]
[EventRounds "9"]
[EventCountry "SLO"]
[Source "lmi"]
[SourceDate "2005.02.03"]

1. e4 e6 2. d4 d5 3. e5 c5 4. c3 Nc6 5. Nf3 Bd7 6. Bd3 Qb6 7. O-O cxd4 8. cxd4
Nxd4 9. Nxd4 Qxd4 10. Nc3 a6 11. Qe2 Qb6 12. a4 Ne7 13. Kh1 Rc8 14. Bg5 h6 15.
Bh4 Nc6 16. f4 g6 17. Bf6 Rg8 18. Bh4 Bc5 19. a5 Nxa5 20. f5 g5 21. Be1 Nb3 22.
Rb1 Nd4 23. Qh5 Bf8 24. Bf2 Qb4 25. Nxd5 exd5 26. Bxd4 Qxd4 27. e6 Qf6 28. Rfe1
Be7 29. exd7+ Kxd7 30. Qf3 Qd6 31. f6 Qxf6 32. Qxd5+ Ke8 33. Qxb7 Rd8 34. Bxa6
Kf8 35. Bc4 Qd6 36. b4 Rd7 37. Qf3 Bd8 38. Red1 Qe7 39. Rxd7 Qxd7 40. Rd1 Qc7
41. Rxd8+ Kg7 42. Rxg8+ Kxg8 43. Qxf7+ Qxf7 44. Bxf7+ Kxf7 45. Kg1 Ke6 46. Kf2
Kd5 47. Kf3 Kc4 48. Kg4 Kxb4 49. Kh5 Kc5 50. Kxh6 g4 51. Kg5 1-0

[Event "10. HIT Open 2005 - B"]
[Site "Nova Gorica SLO"]
[Date "2005.01.31"]
[Round "6.23"]
[White "Portelli, Severino"]
[Black "Zivkovic, Jan"]
[Result "0-1"]
[WhiteElo "1903"]
[BlackElo "1850"]
[PlyCount "109"]
[EventDate "2005.01.28"]
[EventType "swiss"]
[EventRounds "9"]
[EventCountry "SLO"]
[Source "lmi"]
[SourceDate "2005.02.03"]

1. d4 Nf6 2. Nf3 g6 3. c4 Bg7 4. Nc3 O-O 5. Bg5 d6 6. e4 c5 7. d5 Nbd7 8. Qd2
Ne8 9. Bd3 Ne5 10. Nxe5 Bxe5 11. O-O f5 12. f4 Bd4+ 13. Kh1 Ng7 14. Bh6 Rf7 15.
Rae1 fxe4 16. Nxe4 Nf5 17. Bg5 h6 18. g4 Ne3 19. Rxe3 Bxe3 20. Qxe3 hxg5 21.
Nxg5 Rg7 22. Qh3 e5 23. Bxg6 exf4 24. Bh7+ Kh8 25. Bg6+ Kg8 26. Qh6 Qe7 27. Ne4
Bd7 28. Nf6+ Qxf6 29. Bh7+ Kf7 30. Rxf4 Qxf4 31. Qxf4+ Ke7 32. Qe4+ Kd8 33. Bf5
Bxf5 34. gxf5 Kc7 35. f6 Rf7 36. Qe6 Raf8 37. Kg2 Rxf6 38. Qe7+ Kb6 39. Qe2
Rg8+ 40. Kh1 Rh6 41. Qf2 Rgh8 42. b3 Rxh2+ 43. Qxh2 Rxh2+ 44. Kxh2 Ka5 45. Kg3
b5 46. Kf4 Kb4 47. Kf5 Ka3 48. Ke6 Kxa2 49. Kxd6 Kxb3 50. Kc6 bxc4 51. d6 c3
52. d7 c2 53. d8=Q c1=Q 54. Qb8+ Kc4 55. Kd7 0-1

[Event "10. HIT Open 2005 - B"]
[Site "Nova Gorica SLO"]
[Date "2005.01.31"]
[Round "6.24"]
[White "Valic, Marjan"]
[Black "Pulec, Lea"]
[Result "1/2-1/2"]
[WhiteElo "1565"]
[BlackElo "1554"]
[PlyCount "94"]
[EventDate "2005.01.28"]
[EventType "swiss"]
[EventRounds "9"]
[EventCountry "SLO"]
[Source "lmi"]
[SourceDate "2005.02.03"]

1. e4 e5 2. Nf3 Nc6 3. Bc4 Nf6 4. d3 d6 5. h3 Be7 6. Nc3 O-O 7. a3 Be6 8. Nd5
Bxd5 9. exd5 Na5 10. Ba2 b6 11. b4 Nb7 12. O-O Qd7 13. c4 c6 14. Qc2 cxd5 15.
cxd5 Rac8 16. Qe2 Qb5 17. Be3 Nxd5 18. Bc4 Qc6 19. b5 Nc3 20. Qb2 Na4 21. Qd2
Qd7 22. Bd5 Nbc5 23. Bc6 Qf5 24. Qd1 Qxd3 25. Bxc5 Nxc5 26. a4 Bf6 27. Qxd3
Nxd3 28. Rad1 Nb2 29. Rxd6 Nxa4 30. Rfd1 Nc5 31. Nh2 Rfd8 32. Rxd8+ Rxd8 33.
Rxd8+ Bxd8 34. f3 f5 35. Kf1 Kf7 36. Ke2 Ke6 37. Nf1 Kd6 38. Nd2 Bf6 39. g3 g5
40. Nc4+ Ke6 41. g4 f4 42. Nd2 Kf7 43. Ne4 Nxe4 44. Bxe4 h6 45. Kd3 Ke6 46. Kc4
Be7 47. Bf5+ Kd6 1/2-1/2

[Event "10. HIT Open 2005 - B"]
[Site "Nova Gorica SLO"]
[Date "2005.02.01"]
[Round "7.1"]
[White "Skoberne, Renato"]
[Black "Zorat, Paolo"]
[Result "1-0"]
[WhiteElo "2083"]
[BlackElo "1900"]
[PlyCount "91"]
[EventDate "2005.01.28"]
[EventType "swiss"]
[EventRounds "9"]
[EventCountry "SLO"]
[Source "lmi"]
[SourceDate "2005.02.03"]

1. Nf3 d5 2. d4 Bf5 3. e3 e6 4. Bd3 Bg6 5. O-O Nd7 6. c4 c6 7. Nc3 Ngf6 8. b3
Bd6 9. Bb2 O-O 10. Bxg6 hxg6 11. Qd3 Re8 12. e4 dxe4 13. Nxe4 Nxe4 14. Qxe4 Nf6
15. Qc2 Nh5 16. Rfe1 Rc8 17. Rad1 Rc7 18. g3 Rc8 19. Kg2 Rc7 20. Re2 Nf6 21.
Bc3 Rce7 22. Qb2 Nh5 23. Red2 Qc8 24. Re2 Qd8 25. Qc2 Nf6 26. h4 Nh5 27. Ng5
Qc8 28. Ne4 Bb8 29. f4 b6 30. Rf2 Rd7 31. Qe2 Qd8 32. Qe3 Qe7 33. Re1 Red8 34.
Bb2 Bc7 35. Qf3 Bb8 36. a3 a5 37. Ng5 Qd6 38. Rfe2 Nf6 39. Ne4 Nxe4 40. Rxe4
Bc7 41. h5 g5 42. fxg5 b5 43. h6 gxh6 44. gxh6 Kh7 45. Qd3 bxc4 46. bxc4 1-0